नुक्कड़ नाटक और हरियाणवी लोक शैली/ (Record no. 210367)

MARC details
000 -LEADER
fixed length control field 00922nam a22002057a 4500
005 - DATE AND TIME OF LATEST TRANSACTION
control field 20250318152312.0
010 ## - LCCN (DPL NO)
LC control number HIN-129513
020 ## - INTERNATIONAL STANDARD BOOK NUMBER
International Standard Book Number 9789391766054
Terms of availability 750.00
035 ## - SYSTEM CONTROL NUMBER
System control number HN-101859
037 ## - SOURCE OF ACQUISITION
Source of stock number/acquisition DBAD
082 ## - DEWEY DECIMAL CLASSIFICATION NUMBER
Classification number 822
100 ## - MAIN ENTRY--PERSONAL NAME
Personal name शर्मा, अजय कुमार
245 ## - TITLE STATEMENT
Title नुक्कड़ नाटक और हरियाणवी लोक शैली/
Statement of responsibility, etc अजय कुमार शर्मा
250 ## - EDITION STATEMENT
Edition statement प्रथम
260 ## - PUBLICATION, DISTRIBUTION, ETC. (IMPRINT)
Place of publication, distribution, etc नई दिल्ली
Name of publisher, distributor, etc अथर्व पब्लिकेशन्स
Date of publication, distribution, etc 2023
270 ## - ADDRESS
Address 110, प्रथम तल, गली नं. 4, हरफूल विहार, बापरोला
City नई दिल्ली
Postal code 110043
Telephone number 7065515773
Electronic mail address atharvpublications@gmail.com
300 ## - PHYSICAL DESCRIPTION
Extent 234पृ.;
Dimensions 22सेमी (सजिल्द)
700 ## - ADDED ENTRY--PERSONAL NAME
9 (RLIN) 79574
942 ## - ADDED ENTRY ELEMENTS (KOHA)
Source of classification or shelving scheme Dewey Decimal Classification
Item type Hindi Books
Classification part 822
Call number suffix शर्माअ
Holdings
Withdrawn status Lost status Not for loan Collection code Home library Current library Date acquired Source of acquisition Cost, normal purchase price Full call number Barcode Copy number Cost, replacement price Koha item type
      Non-fiction Ashok Vihar Ashok Vihar 18/03/2025 DBAD 750.00 822 शर्माअ HN-101859 1 750.00 Hindi Books

© Delhi Public Library
Hit Counter
free hit counter